El profeta de fuego : (Registro nro. 3715)

Detalles MARC
000 -LEADER
fixed length control field 00716nam a2200193Ia 4500
003 - CONTROL NUMBER IDENTIFIER
control field OSt
005 - DATE AND TIME OF LATEST TRANSACTION
control field 20200616185718.0
008 - FIXED-LENGTH DATA ELEMENTS--GENERAL INFORMATION
fixed length control field 191128s1986 ck a r 000 j spa d
040 ## - CATALOGING SOURCE
Original cataloging agency CO-JMCR
Transcribing agency CO-JMCR
041 ## - LANGUAGE CODE
Language code of text/sound track or separate title spa
082 04 - DEWEY DECIMAL CLASSIFICATION NUMBER
Classification number H /
Item number PROp
245 13 - TITLE STATEMENT
Title El profeta de fuego :
Remainder of title la historia de Elias /
260 ## - PUBLICATION, DISTRIBUTION, ETC.
Place of publication, distribution, etc. Bogotá :
Name of publisher, distributor, etc. Sociedades Bíblicas Unidas,
Date of publication, distribution, etc. 1986
300 ## - PHYSICAL DESCRIPTION
Extent 32 Páginas :
Other physical details ilustraciones a color ;
Dimensions 25 cm.
490 ## - SERIES STATEMENT
Series statement Héroes de la fe
520 ## - SUMMARY, ETC.
Summary, etc. El pueblo de israel nunca olvidó las historias acerca de Elías; las preservó en esus escritos sagrados porque el pueblo reconocio a Elías como el modelo de profeta ideal.
650 ## - SUBJECT ADDED ENTRY--TOPICAL TERM
Topical term or geographic name entry element Historias bíblicas
9 (RLIN) 5622
942 ## - ADDED ENTRY ELEMENTS (KOHA)
Source of classification or shelving scheme Dewey Decimal Classification
Koha item type Books
Existencias
Withdrawn status Lost status Source of classification or shelving scheme Damaged status Not for loan Collection code Home library Current library Date acquired Source of acquisition Coded location qualifier Total Checkouts Full call number Barcode Date last seen Copy number Koha item type
    Dewey Decimal Classification     Fiction Biblioteca Pública José María del Castillo y Rada Biblioteca Pública José María del Castillo y Rada 11/28/2019 Donación $0   H / PROp 201807706 11/28/2019 Ej.1 Books